| 000 | 00621cab a2200193 4500 | ||
|---|---|---|---|
| 001 | WB3435-09 | ||
| 008 | 090401t1998 xxu||||| |||| 00| 0 eng d | ||
| 035 | _a(Sirsi) u88551 | ||
| 041 | _aeng | ||
| 245 | _aTermite hope | ||
| 260 | _c1998 | ||
| 350 | _a0 | ||
| 490 |
_aBuilding _v263(8056) 18 September 1998, 11(1) |
||
| 520 | _aThe termite colony in North Devon has begun feeding on posionous bait, leaving scientists optimistic that they are winning the battle to destroy the varacious wood eaters. | ||
| 650 | _aTERMITES | ||
| 690 | _aBUILT ENVIRONMENT-BUILDING PATHOLOGY | ||
| 942 | _n0 | ||
| 948 | _c18/09/1998 | ||
| 999 |
_c55961 _d55961 |
||